[Event "16. Torneo San Viator"]
[Site "Madrid ESP"]
[Date "2016.05.08"]
[Round "5.8"]
[White "Jordana Vargas, Julio"]
[Black "Luna Hermoso, Angel"]
[Result "0-1"]
[WhiteElo "1973"]
[BlackElo "1960"]
[PlyCount "94"]
[EventDate "2016.04.03"]
[EventType "swiss"]
[EventRounds "9"]
[EventCountry "ESP"]
[Source "lmi"]
[SourceDate "2016.04.03"]

1. d4 c5 2. d5 g6 3. e4 Bg7 4. c4 e5 5. Nf3 d6 6. h3 Nf6 7. Bd3 O-O 8. Nc3 a6
9. O-O Nbd7 10. Be3 Nh5 11. Qc2 Nf4 12. Ne2 Nxe2+ 13. Bxe2 f5 14. Ng5 Nf6 15.
f3 f4 16. Bf2 Nxd5 17. cxd5 Qxg5 18. Kh2 b5 19. Qc3 b4 20. Qe1 Qe7 21. Bc4 a5
22. Qe2 Qa7 23. Rfc1 Qf7 24. Kg1 g5 25. Qc2 h5 26. a3 g4 27. hxg4 hxg4 28. Kf1
Qh5 29. Ke2 Qh2 30. Rg1 Rb8 31. Kd3 Bf5 32. exf5 bxa3 33. b3 e4+ 34. fxe4 Bxa1
35. Rxa1 Qxg2 36. Qe2 Qh3+ 37. Kc2 a4 38. Rxa3 axb3+ 39. Kb1 g3 40. Qf3 Rb4 41.
Be2 Re8 42. Bd3 Rbxe4 43. Bxe4 Qf1+ 44. Kb2 Qxf2+ 45. Kxb3 Qxf3+ 46. Bxf3 Re3+
47. Ka2 Rxf3 0-1

[Event "16. Torneo San Viator"]
[Site "Madrid ESP"]
[Date "2016.05.08"]
[Round "5.9"]
[White "Suarez Uriel, Adrian"]
[Black "Yeves Miquel, Enrique"]
[Result "1-0"]
[WhiteElo "2294"]
[BlackElo "1864"]
[PlyCount "61"]
[EventDate "2016.04.03"]
[EventType "swiss"]
[EventRounds "9"]
[EventCountry "ESP"]
[Source "lmi"]
[SourceDate "2016.04.03"]

1. e4 c5 2. Nf3 e6 3. d4 cxd4 4. Nxd4 Nc6 5. Nc3 Qc7 6. Be3 a6 7. Qf3 b5 8.
O-O-O Bb7 9. g4 Rc8 10. Qe2 Bb4 11. Nd5 exd5 12. exd5 Nce7 13. a3 Bd6 14. Nf5
Kf8 15. Nxd6 Qxd6 16. Bg2 Nf6 17. Bg5 h6 18. Bh4 Qf4+ 19. Rd2 Qxg4 20. Qxg4
Nxg4 21. Bxe7+ Kxe7 22. d6+ Kf6 23. Bxb7 Rc5 24. Re1 a5 25. f4 h5 26. Rd5 Rxd5
27. Bxd5 Nh6 28. Re7 Rd8 29. Kd2 g6 30. Kd3 Kg7 31. b3 1-0

[Event "16. Torneo San Viator"]
[Site "Madrid ESP"]
[Date "2016.05.08"]
[Round "5.11"]
[White "Garcia Sanjuan, Jose"]
[Black "Garcia Bartolome, Sergio"]
[Result "1-0"]
[WhiteElo "1864"]
[BlackElo "2091"]
[PlyCount "107"]
[EventDate "2016.04.03"]
[EventType "swiss"]
[EventRounds "9"]
[EventCountry "ESP"]
[Source "lmi"]
[SourceDate "2016.04.03"]

1. Nf3 d5 2. b3 Nf6 3. Bb2 Bf5 4. e3 e6 5. h3 Bd6 6. g4 Bg6 7. d3 h6 8. Nbd2
Qe7 9. a3 Nbd7 10. Bg2 c6 11. Qe2 O-O-O 12. b4 e5 13. Nh4 Bh7 14. Nf5 Bxf5 15.
gxf5 g6 16. fxg6 Rhg8 17. h4 Rxg6 18. Bh3 Rdg8 19. O-O-O Kb8 20. c4 h5 21. c5
Bc7 22. Bxd7 Qxd7 23. Nf3 Ng4 24. a4 Qf5 25. Rhf1 Nh6 26. d4 Rg4 27. b5 R8g6
28. Bc3 Rf6 29. Nxe5 Bxe5 30. dxe5 Re6 31. bxc6 Rc4 32. Kb2 Rxc5 33. Bd4 Rc4
34. Rc1 Rexc6 35. Rxc4 Rxc4 36. Rc1 Rxc1 37. Kxc1 Ng4 38. f4 Qe4 39. Qe1 Qd3
40. a5 Qc4+ 41. Kd1 Qb3+ 42. Ke2 Nh6 43. Qc3 Qb5+ 44. Kd2 Qc6 45. Qb4 a6 46.
Qf8+ Kc7 47. Bb6+ Kd7 48. f5 Nxf5 49. Qd8+ Ke6 50. Qf6+ Kd7 51. Qxf5+ Qe6 52.
Qxh5 Qh3 53. Qxf7+ Kc6 54. Qe8+ 1-0

[Event "16. Torneo San Viator"]
[Site "Madrid ESP"]
[Date "2016.05.08"]
[Round "5.12"]
[White "Pindado Campos, Raul"]
[Black "Gonzalez Berrendero, Carlos"]
[Result "1-0"]
[WhiteElo "2009"]
[BlackElo "1822"]
[PlyCount "113"]
[EventDate "2016.04.03"]
[EventType "swiss"]
[EventRounds "9"]
[EventCountry "ESP"]
[Source "lmi"]
[SourceDate "2016.04.03"]

1. d4 Nf6 2. c4 g6 3. f3 Bg7 4. e4 d6 5. Ne2 O-O 6. Be3 c5 7. d5 a6 8. Nec3
Nbd7 9. Be2 Re8 10. O-O e6 11. a4 exd5 12. cxd5 Qb6 13. Qd2 Ne5 14. Na3 Qb4 15.
h3 Ned7 16. Nc4 Bf8 17. Qc2 Ne5 18. a5 Nxc4 19. Bxc4 Bd7 20. b3 b5 21. Bd3 Bg7
22. Ne2 c4 23. bxc4 bxc4 24. Qxc4 Qxc4 25. Bxc4 Bb5 26. Bxb5 axb5 27. Bd4 Nxd5
28. Bxg7 Kxg7 29. Rfd1 Ne3 30. Rxd6 Nc4 31. Rd5 Reb8 32. a6 Rb6 33. Rc5 Nd6 34.
a7 Rb7 35. e5 Ne8 36. Nd4 Nc7 37. Rac1 Raxa7 38. Rb1 b4 39. Rxc7 Rxc7 40. Nb5
g5 41. Nxa7 Rxa7 42. Rxb4 Re7 43. Re4 Kg6 44. g4 f6 45. exf6 Rf7 46. Re6 Rxf6
47. Rxf6+ Kxf6 48. Kf2 Ke5 49. Ke3 h6 50. f4+ gxf4+ 51. Kf3 Ke6 52. Kxf4 Kf6
53. h4 Kg6 54. Ke5 Kg7 55. Ke6 Kg6 56. Ke7 Kg7 57. h5 1-0

[Event "16. Torneo San Viator"]
[Site "Madrid ESP"]
[Date "2016.05.08"]
[Round "5.13"]
[White "Villacorta Nicolas, David"]
[Black "Calvo De Castro, Miguel"]
[Result "1-0"]
[WhiteElo "1976"]
[BlackElo "1759"]
[PlyCount "71"]
[EventDate "2016.04.03"]
[EventType "swiss"]
[EventRounds "9"]
[EventCountry "ESP"]
[Source "lmi"]
[SourceDate "2016.04.03"]

1. e4 c5 2. Nf3 Nc6 3. d4 cxd4 4. Nxd4 g6 5. c4 Bg7 6. Be3 Nf6 7. Nc3 Ng4 8.
Qxg4 Nxd4 9. Qd1 e5 10. Be2 d6 11. O-O Nxe2+ 12. Qxe2 Be6 13. Rfd1 Qc8 14. Nb5
O-O 15. Nxd6 Qc6 16. c5 Rfd8 17. b4 Qa4 18. Qb5 Qxb5 19. Nxb5 Rxd1+ 20. Rxd1
Bxa2 21. Rd7 a5 22. bxa5 Bc4 23. Nd6 Be6 24. Rxb7 Rxa5 25. h3 Bf8 26. Rb5 Ra6
27. Nb7 Ra1+ 28. Kh2 Bd7 29. Rb6 Ra7 30. Nd8 Rc7 31. c6 Bc8 32. Rb8 Ba6 33. Bb6
Rc8 34. c7 Bd6 35. Nc6 Kg7 36. Rxc8 1-0

[Event "16. Torneo San Viator"]
[Site "Madrid ESP"]
[Date "2016.05.08"]
[Round "5.14"]
[White "Del Noval Nemeshazi, Nesztor"]
[Black "Rodriguez Camarillo, Diana"]
[Result "1-0"]
[WhiteElo "1920"]
[BlackElo "1676"]
[PlyCount "67"]
[EventDate "2016.04.03"]
[EventType "swiss"]
[EventRounds "9"]
[EventCountry "ESP"]
[Source "lmi"]
[SourceDate "2016.04.03"]

1. e4 e6 2. d4 d5 3. Nc3 Nf6 4. Bg5 Bb4 5. e5 h6 6. Bd2 Bxc3 7. bxc3 Ne4 8. Qg4
g6 9. Qf4 c5 10. Bd3 Nxd2 11. Qxd2 Qa5 12. f4 Bd7 13. Nf3 Bb5 14. O-O cxd4 15.
cxd4 Qa6 16. Bxb5+ Qxb5 17. g4 Nd7 18. a4 Qc6 19. a5 Rc8 20. c4 dxc4 21. f5 Qe4
22. fxe6 Qxg4+ 23. Kh1 fxe6 24. Qb4 Qe4 25. d5 Qxd5 26. Rad1 Qe4 27. Rxd7 Kxd7
28. Qd6+ Ke8 29. Qxe6+ Kd8 30. Rd1+ Qd3 31. Rxd3+ cxd3 32. Qf6+ Kd7 33. e6+ Kc7
34. Qe5+ 1-0

[Event "16. Torneo San Viator"]
[Site "Madrid ESP"]
[Date "2016.05.08"]
[Round "5.15"]
[White "Bartolome Martin, Angel"]
[Black "Gonzalez-Ruano Perez, Cesar"]
[Result "1/2-1/2"]
[WhiteElo "1842"]
[BlackElo "1918"]
[PlyCount "59"]
[EventDate "2016.04.03"]
[EventType "swiss"]
[EventRounds "9"]
[EventCountry "ESP"]
[Source "lmi"]
[SourceDate "2016.04.03"]

1. d4 f5 2. c4 Nf6 3. Nc3 e6 4. g3 Be7 5. Bg2 d6 6. e3 O-O 7. Nge2 e5 8. O-O
Qe8 9. dxe5 dxe5 10. Nd5 Bd8 11. Nec3 c6 12. Nxf6+ Bxf6 13. Qc2 Be6 14. b3 Na6
15. Bb2 Rd8 16. Rfd1 Nb4 17. Qe2 e4 18. Na4 Rxd1+ 19. Qxd1 Bxb2 20. Nxb2 Qe7
21. Qe2 Rd8 22. Bf1 Qf6 23. a3 Nd3 24. Rd1 Ne5 25. Rxd8+ Qxd8 26. Qd1 Nf3+ 27.
Kg2 Qf6 28. Na4 f4 29. exf4 Bg4 30. Be2 1/2-1/2

[Event "16. Torneo San Viator"]
[Site "Madrid ESP"]
[Date "2016.05.08"]
[Round "5.17"]
[White "Mazo Fernandez, Roberto"]
[Black "Sirera Ripoll, Jose Luis"]
[Result "1-0"]
[WhiteElo "1990"]
[BlackElo "1821"]
[PlyCount "61"]
[EventDate "2016.04.03"]
[EventType "swiss"]
[EventRounds "9"]
[EventCountry "ESP"]
[Source "lmi"]
[SourceDate "2016.04.03"]

1. d4 Nf6 2. c4 g6 3. Nc3 d5 4. Qb3 dxc4 5. Qxc4 Bg7 6. e4 O-O 7. Be2 Na6 8.
Be3 c5 9. dxc5 Ng4 10. Bxg4 Bxg4 11. Nge2 Be6 12. Qb5 Qc7 13. O-O Bd7 14. Qc4
Be6 15. Qb5 Bd7 16. Qc4 Be6 17. Nd5 Bxd5 18. exd5 Rac8 19. Rac1 Bxb2 20. Rb1
Be5 21. Rfc1 b6 22. Qxa6 Qd7 23. cxb6 Rxc1+ 24. Rxc1 axb6 25. Qxb6 Qxd5 26. Qc5
Qxa2 27. Qxe5 Qxe2 28. Qxe7 Qb2 29. Bh6 Rb8 30. h3 Qd4 31. Re1 1-0

[Event "16. Torneo San Viator"]
[Site "Madrid ESP"]
[Date "2016.05.08"]
[Round "5.18"]
[White "Cano Mercado, Francisco Manuel"]
[Black "Marcos Herrero, Francisco"]
[Result "0-1"]
[WhiteElo "1824"]
[BlackElo "1978"]
[PlyCount "68"]
[EventDate "2016.04.03"]
[EventType "swiss"]
[EventRounds "9"]
[EventCountry "ESP"]
[Source "lmi"]
[SourceDate "2016.04.03"]

1. e4 c5 2. Nf3 Nc6 3. d4 cxd4 4. Nxd4 g6 5. c4 Nf6 6. Nc3 d6 7. Be2 Nxd4 8.
Qxd4 Bg7 9. Be3 O-O 10. Qd2 Be6 11. f3 Qa5 12. O-O Rfc8 13. Nd5 Qxd2 14. Bxd2
Nxd5 15. exd5 Bd7 16. Be3 b6 17. Bd3 Bxb2 18. Rab1 Ba3 19. Kh1 Bc5 20. Bh6 f6
21. f4 Kf7 22. h3 Rg8 23. Be2 Rac8 24. Rbd1 Rc7 25. f5 Bxf5 26. Rxf5 gxf5 27.
Bh5+ Rg6 28. g4 fxg4 29. hxg4 Kg8 30. g5 Be3 31. Bxg6 hxg6 32. Rd3 Bf4 33. Rd4
fxg5 34. Re4 Kf7 0-1

[Event "16. Torneo San Viator"]
[Site "Madrid ESP"]
[Date "2016.05.08"]
[Round "5.19"]
[White "Camarero Izquierdo, Juan Carlos"]
[Black "Rosa Ramirez, Victor D"]
[Result "0-1"]
[WhiteElo "1810"]
[BlackElo "1972"]
[PlyCount "62"]
[EventDate "2016.04.03"]
[EventType "swiss"]
[EventRounds "9"]
[EventCountry "ESP"]
[Source "lmi"]
[SourceDate "2016.04.03"]

1. d4 d5 2. Nc3 e6 3. e4 Bb4 4. e5 c5 5. a3 cxd4 6. axb4 dxc3 7. bxc3 Qc7 8.
Qd4 Nc6 9. Bb5 Bd7 10. Bxc6 Bxc6 11. Nf3 Bb5 12. Bd2 Ne7 13. Qg4 O-O 14. Qg5
Nf5 15. Qf4 d4 16. g4 dxc3 17. gxf5 cxd2+ 18. Nxd2 f6 19. fxe6 fxe5 20. Qe4 Qb6
21. Qe3 Qxe6 22. Rg1 a6 23. Rg5 Qc6 24. O-O-O Rac8 25. Qb3+ Kh8 26. Rdg1 Ba4
27. Qb2 Bxc2 28. Rxg7 Bg6+ 29. Kd1 Kxg7 30. h4 Kh8 31. Qxe5+ Qf6 0-1

[Event "16. Torneo San Viator"]
[Site "Madrid ESP"]
[Date "2016.05.08"]
[Round "5.20"]
[White "Uceda Martinez, Jacinto"]
[Black "Luque Ibanez, Manuel"]
[Result "0-1"]
[WhiteElo "1755"]
[BlackElo "1961"]
[PlyCount "82"]
[EventDate "2016.04.03"]
[EventType "swiss"]
[EventRounds "9"]
[EventCountry "ESP"]
[Source "lmi"]
[SourceDate "2016.04.03"]

1. d4 d5 2. c4 e6 3. Nf3 c5 4. Nc3 Nc6 5. Bf4 a6 6. e3 Nf6 7. Be2 dxc4 8. Bxc4
b5 9. Be2 cxd4 10. Nxd4 Nxd4 11. Qxd4 Qxd4 12. exd4 Bb7 13. O-O Be7 14. Rac1
Rc8 15. Rfd1 O-O 16. a3 Rfd8 17. Be5 Ne4 18. Nxe4 Bxe4 19. f3 Bc2 20. Rd2 Bb3
21. Rc7 Rxc7 22. Bxc7 Rc8 23. Bf4 g5 24. Be3 f5 25. f4 g4 26. Kf2 h5 27. h3 Kf7
28. hxg4 hxg4 29. Bd1 Bd5 30. Rc2 Rh8 31. Be2 Rh1 32. Rc7 Ke8 33. Bf1 Bh4+ 34.
g3 Rh2+ 35. Kg1 Bxg3 36. Bxb5+ axb5 37. Kf1 Rxb2 38. Rc8+ Kd7 39. Rc5 Bc4+ 40.
Kg1 Bh2+ 41. Kh1 Bd5+ 0-1

[Event "16. Torneo San Viator"]
[Site "Madrid ESP"]
[Date "2016.05.08"]
[Round "5.21"]
[White "Marin Aso, Jose Luis"]
[Black "Flores Vidal, Pablo"]
[Result "1-0"]
[WhiteElo "1881"]
[BlackElo "1746"]
[PlyCount "129"]
[EventDate "2016.04.03"]
[EventType "swiss"]
[EventRounds "9"]
[EventCountry "ESP"]
[Source "lmi"]
[SourceDate "2016.04.03"]

1. e4 e6 2. d4 d5 3. Nd2 c5 4. Ngf3 Nc6 5. exd5 exd5 6. Bb5 a6 7. Bxc6+ bxc6 8.
O-O cxd4 9. Re1+ Be7 10. Nxd4 Qc7 11. N2f3 Bg4 12. h3 Bh5 13. Bg5 Kf8 14. Qd3
Bg6 15. Qe2 c5 16. Nb3 Nf6 17. Ne5 Bd6 18. Nxg6+ hxg6 19. Rad1 Rh5 20. Bxf6
gxf6 21. Qf3 Rf5 22. Qe3 Kg7 23. Nd2 c4 24. Nf3 Bc5 25. Nd4 Re5 26. Qd2 Rae8
27. c3 Qb6 28. Kf1 Rb8 29. Rb1 Rbe8 30. Nf3 Rxe1+ 31. Rxe1 Rxe1+ 32. Kxe1 Qe6+
33. Kf1 Qe4 34. a3 Kf8 35. Nd4 Ke8 36. Qe2 f5 37. Qxe4+ fxe4 38. Ke2 Ke7 39. h4
Kd6 40. g3 Ke5 41. Nc6+ Kd6 42. Nd4 Ke5 43. Nc6+ Kf5 44. Nb8 d4 45. cxd4 Bxd4
46. Nxa6 Bxb2 47. a4 Ba3 48. Nc7 c3 49. Nd5 Bb2 50. a5 Ke5 51. Ne3 Kd6 52. Kd1
Kc5 53. Kc2 Ba3 54. a6 Kc6 55. Kxc3 Bc5 56. Kc4 Ba7 57. g4 Kd6 58. h5 Ke7 59.
h6 Kf8 60. g5 Kg8 61. Nd5 Bxf2 62. Nf6+ Kf8 63. Nxe4 Ba7 64. Kd5 Be3 65. Nc5
1-0

[Event "16. Torneo San Viator"]
[Site "Madrid ESP"]
[Date "2016.05.08"]
[Round "5.22"]
[White "Mendez Martinez, Miguel Angel"]
[Black "Sotoca Aguado, Jose"]
[Result "0-1"]
[WhiteElo "1802"]
[BlackElo "1873"]
[PlyCount "89"]
[EventDate "2016.04.03"]
[EventType "swiss"]
[EventRounds "9"]
[EventCountry "ESP"]
[Source "lmi"]
[SourceDate "2016.04.03"]

1. c4 Nf6 2. Nc3 e5 3. Nf3 Nc6 4. e4 d6 5. h3 Be7 6. Bd3 O-O 7. O-O Nb4 8. Bb1
c5 9. a3 Nc6 10. Nd5 Nxd5 11. exd5 Nd4 12. Nxd4 cxd4 13. f4 f5 14. fxe5 dxe5
15. d3 a5 16. Bc2 f4 17. Bd2 Ra6 18. b4 axb4 19. Bxb4 Bxb4 20. axb4 Rxa1 21.
Qxa1 f3 22. Qc1 Qh4 23. Qd2 Qg3 24. Qf2 Qg5 25. Kh2 Rf6 26. Qg3 Qxg3+ 27. Kxg3
fxg2 28. Rg1 Rg6+ 29. Kh2 Rh6 30. Kxg2 Rg6+ 31. Kf2 Rxg1 32. Kxg1 Bxh3 33. c5
Bd7 34. Bb3 Kf8 35. Bc4 Ke7 36. b5 Bc8 37. d6+ Kd8 38. Bd5 Kd7 39. Be4 h5 40.
Bg6 h4 41. Kh2 b6 42. Bf5+ Kd8 43. Bxc8 Kxc8 44. c6 e4 45. dxe4 0-1

[Event "16. Torneo San Viator"]
[Site "Madrid ESP"]
[Date "2016.05.08"]
[Round "5.23"]
[White "Perez Gonzalez, Daniel"]
[Black "Martin Diaz, Juan"]
[Result "0-1"]
[WhiteElo "1849"]
[BlackElo "1678"]
[PlyCount "106"]
[EventDate "2016.04.03"]
[EventType "swiss"]
[EventRounds "9"]
[EventCountry "ESP"]
[Source "lmi"]
[SourceDate "2016.04.03"]

1. e4 c5 2. Nf3 d6 3. d4 cxd4 4. Nxd4 Nf6 5. Nc3 Nc6 6. Bg5 Bd7 7. Qd2 Rc8 8.
O-O-O Nxd4 9. Qxd4 Qa5 10. f4 Qc5 11. e5 Qxd4 12. Rxd4 dxe5 13. fxe5 Ng4 14. e6
Bxe6 15. Bb5+ Rc6 16. Bxc6+ bxc6 17. Rhd1 f6 18. Bf4 Kf7 19. h3 Nh6 20. g4 g5
21. Be3 Bg7 22. Rd8 a5 23. Rxh8 Bxh8 24. Re1 Nxg4 25. hxg4 Bxg4 26. Rf1 Kg6 27.
Ne4 h5 28. a4 h4 29. Rg1 Bf3 30. Nd2 Bd5 31. c4 Be6 32. b4 axb4 33. a5 Bc8 34.
Nb3 Bb7 35. a6 Bxa6 36. Na5 Kh5 37. Kc2 g4 38. Bf2 f5 39. Bxh4 Kxh4 40. Rh1+
Kg3 41. Rxh8 Kf3 42. Ra8 g3 43. Nxc6 Bb7 44. Ne5+ Ke4 45. Rg8 Kxe5 46. Rxg3 Kd4
47. Kb3 e5 48. Kxb4 f4 49. Rg7 Be4 50. c5 f3 51. Rf7 Ke3 52. Kc4 f2 53. Kc3 Bf3
0-1

[Event "16. Torneo San Viator"]
[Site "Madrid ESP"]
[Date "2016.05.08"]
[Round "5.25"]
[White "Martinez De Navascues, Francisco"]
[Black "Jimenez Gonzalez, Marcos"]
[Result "1-0"]
[WhiteElo "1912"]
[BlackElo "1788"]
[PlyCount "119"]
[EventDate "2016.04.03"]
[EventType "swiss"]
[EventRounds "9"]
[EventCountry "ESP"]
[Source "lmi"]
[SourceDate "2016.04.03"]

1. b3 d5 2. Bb2 c6 3. e3 Nf6 4. c4 e6 5. Nf3 Nbd7 6. Be2 Bd6 7. d4 O-O 8. O-O
b6 9. Nbd2 Bb7 10. Bd3 Rc8 11. Qe2 Qe7 12. Ne5 c5 13. Rfe1 cxd4 14. exd4 Rfd8
15. h4 Nf8 16. h5 dxc4 17. Ndxc4 Bb4 18. Rf1 Nd5 19. Qg4 Nf6 20. Qg5 h6 21. Qh4
Nd5 22. Qg3 Qg5 23. Qxg5 hxg5 24. Be4 Ba8 25. Rac1 Nf4 26. Bxa8 Rxa8 27. Nc6
Ne2+ 28. Kh1 Nxc1 29. Bxc1 Rd5 30. Nxb4 Rxd4 31. Bxg5 f6 32. Be3 Rh4+ 33. Kg1
Rxh5 34. Rd1 Rc8 35. g3 Ng6 36. Kg2 Ne5 37. Nxe5 Rxe5 38. Rd7 a5 39. Nd3 Rb5
40. Nf4 Rc6 41. g4 Rg5 42. Kf3 f5 43. gxf5 Rxf5 44. Kg4 Rf6 45. Nd3 e5 46. Nxe5
Rcd6 47. Rb7 Kh7 48. Nf7 Rg6+ 49. Ng5+ Rxg5+ 50. Bxg5 Kg6 51. f4 a4 52. bxa4
Kh7 53. Kf3 Rd3+ 54. Ke4 Ra3 55. Ra7 Kg6 56. Ra6 Kf7 57. Kd5 b5 58. axb5 Rd3+
59. Kc4 Rd4+ 60. Kxd4 1-0

[Event "16. Torneo San Viator"]
[Site "Madrid ESP"]
[Date "2016.05.08"]
[Round "5.26"]
[White "Soderstrom, Henrik"]
[Black "Rodriguez Garcia, Alberto"]
[Result "1/2-1/2"]
[WhiteElo "1862"]
[BlackElo "1762"]
[PlyCount "105"]
[EventDate "2016.04.03"]
[EventType "swiss"]
[EventRounds "9"]
[EventCountry "ESP"]
[Source "lmi"]
[SourceDate "2016.04.03"]

1. e4 c5 2. Nf3 d6 3. c3 Nf6 4. Be2 Nc6 5. d3 g6 6. O-O Bg7 7. c4 O-O 8. h3 a6
9. Nc3 Rb8 10. a4 b6 11. Rb1 Bb7 12. Bf4 e6 13. Qd2 Re8 14. Rfe1 Qd7 15. Rbd1
Rbd8 16. Bf1 Nd4 17. Nxd4 cxd4 18. Ne2 Qxa4 19. Bxd6 Rxd6 20. e5 Rdd8 21. exf6
Bxf6 22. Qf4 Bg7 23. Ra1 Qc6 24. Ng3 f5 25. b4 e5 26. Qd2 Bf6 27. Rab1 Bh4 28.
Kh2 Qd6 29. c5 bxc5 30. bxc5 Qc7 31. Qb4 Bxg3+ 32. fxg3 Bc6 33. Rec1 Bb5 34.
Rb2 Qc6 35. Be2 Kg7 36. Qd2 e4 37. dxe4 fxe4 38. Bxb5 axb5 39. Ra2 e3 40. Qd3
Qe4 41. Ra7+ Kh6 42. Qxb5 Re7 43. Ra4 e2 44. Re1 Qe5 45. Qd3 Qe3 46. Ra3 Qf2
47. Qd2+ Kg7 48. Rf3 Qxe1 49. Qxe1 d3 50. Qc3+ Kg8 51. Qc4+ Kg7 52. Qc3+ Kg8
53. Qc4+ 1/2-1/2

[Event "16. Torneo San Viator"]
[Site "Madrid ESP"]
[Date "2016.05.08"]
[Round "5.27"]
[White "Giralda Gomez, David"]
[Black "Gil Calvente, Jose Antonio"]
[Result "1/2-1/2"]
[WhiteElo "1856"]
[BlackElo "1732"]
[PlyCount "38"]
[EventDate "2016.04.03"]
[EventType "swiss"]
[EventRounds "9"]
[EventCountry "ESP"]
[Source "lmi"]
[SourceDate "2016.04.03"]

1. e4 e5 2. Nf3 Nc6 3. Bb5 a6 4. Ba4 Nf6 5. O-O Be7 6. Re1 b5 7. Bb3 O-O 8. c3
d5 9. exd5 Nxd5 10. Nxe5 Nxe5 11. Rxe5 Nf6 12. d4 Bd6 13. Re1 Ng4 14. g3 Nxh2
15. Kxh2 Qh4+ 16. Kg2 Qh3+ 17. Kg1 Bxg3 18. fxg3 Qxg3+ 19. Kh1 Bh3 1/2-1/2

[Event "16. Torneo San Viator"]
[Site "Madrid ESP"]
[Date "2016.05.08"]
[Round "5.29"]
[White "Matesanz Bonastre, Rafael"]
[Black "Campos Tores, Jose Luis"]
[Result "1/2-1/2"]
[WhiteElo "1732"]
[BlackElo "1813"]
[PlyCount "85"]
[EventDate "2016.04.03"]
[EventType "swiss"]
[EventRounds "9"]
[EventCountry "ESP"]
[Source "lmi"]
[SourceDate "2016.04.03"]

1. d4 g6 2. c4 Bg7 3. e4 d6 4. Nc3 Nf6 5. f4 O-O 6. Nf3 c5 7. dxc5 Qa5 8. Bd3
Qxc5 9. Qe2 Nc6 10. Be3 Qa5 11. h3 Nh5 12. Kf2 Bxc3 13. bxc3 Qxc3 14. Rac1 Qf6
15. Qd2 e5 16. g3 Nd4 17. Bxd4 exd4 18. Be2 Re8 19. Qd3 Bd7 20. Nxd4 Ng7 21.
Bf3 Ne6 22. Nb3 Bc6 23. Rhd1 Rad8 24. Qe3 h5 25. h4 Qb2+ 26. Rd2 Qa3 27. f5
gxf5 28. exf5 Bxf3 29. fxe6 Bg4 30. exf7+ Kxf7 31. Qf4+ Kg7 32. Qg5+ Kh7 33.
Kg2 Rd7 34. Rf1 Rg8 35. Qd5 Rdg7 36. Qd3+ Kh8 37. Qd4 Qa6 38. Rf6 Qc6+ 39. Kh2
Re8 40. Rxd6 Qf3 41. Rd8 Rxd8 42. Qxd8+ Kh7 43. Qd3+ 1/2-1/2

[Event "16. Torneo San Viator"]
[Site "Madrid ESP"]
[Date "2016.05.08"]
[Round "5.30"]
[White "Vaquerizo Calvo, Miguel A"]
[Black "Rendo Quindos, Pedro"]
[Result "1-0"]
[WhiteElo "1797"]
[BlackElo "1572"]
[PlyCount "43"]
[EventDate "2016.04.03"]
[EventType "swiss"]
[EventRounds "9"]
[EventCountry "ESP"]
[Source "lmi"]
[SourceDate "2016.04.03"]

1. e4 c5 2. Nf3 Nc6 3. d4 cxd4 4. Nxd4 d6 5. Nc3 Nf6 6. Bc4 g6 7. f3 Bg7 8. Be3
O-O 9. Qd2 a6 10. h4 Bd7 11. h5 Nxh5 12. g4 Nxd4 13. Bxd4 Bxd4 14. gxh5 Bxc3
15. Qxc3 e5 16. hxg6 hxg6 17. Qd2 Qf6 18. O-O-O Rad8 19. Qh6 Qf4+ 20. Qxf4 exf4
21. Rxd6 Bc6 22. Rxg6# 1-0

[Event "16. Torneo San Viator"]
[Site "Madrid ESP"]
[Date "2016.05.08"]
[Round "5.31"]
[White "Juzgado Niella, Angel Luis"]
[Black "Sanchez Gomez, Emiliano"]
[Result "1-0"]
[WhiteElo "1566"]
[BlackElo "1800"]
[PlyCount "60"]
[EventDate "2016.04.03"]
[EventType "swiss"]
[EventRounds "9"]
[EventCountry "ESP"]
[Source "lmi"]
[SourceDate "2016.04.03"]

1. e4 c5 2. Nf3 a6 3. c3 d5 4. exd5 Nf6 5. Qa4+ Bd7 6. Qb3 Bc8 7. Qa4+ Nbd7 8.
d4 cxd4 9. Nxd4 Nxd5 10. c4 N5b6 11. Qa5 e5 12. Nc2 Be7 13. Be3 O-O 14. Nc3 Bg5
15. O-O-O Bxe3+ 16. Nxe3 Qe7 17. Ncd5 Nxd5 18. Nxd5 Qc5 19. Qxc5 Nxc5 20. Nb6
Rb8 21. Rd5 Ne4 22. f3 Nf6 23. Rxe5 Be6 24. Be2 Rbd8 25. Rd1 Rxd1+ 26. Kxd1
Rd8+ 27. Kc2 Rd6 28. c5 Rc6 29. Kb1 g6 30. b4 Kg7 1-0

[Event "16. Torneo San Viator"]
[Site "Madrid ESP"]
[Date "2016.05.08"]
[Round "5.32"]
[White "Martin Lozano, Miguel Angel"]
[Black "Ramirez De La Piscina G, Juan"]
[Result "1-0"]
[WhiteElo "1777"]
[BlackElo "1656"]
[PlyCount "112"]
[EventDate "2016.04.03"]
[EventType "swiss"]
[EventRounds "9"]
[EventCountry "ESP"]
[Source "lmi"]
[SourceDate "2016.04.03"]

1. d4 e6 2. Bf4 c5 3. e3 Nf6 4. c3 d5 5. Bd3 Nc6 6. Nd2 c4 7. Bc2 Bd6 8. Bg3
O-O 9. Ngf3 Qc7 10. e4 Bxg3 11. hxg3 dxe4 12. Nxe4 Nxe4 13. Bxe4 f5 14. Bc2 Qe7
15. Qe2 b5 16. a4 Rb8 17. Ne5 Nxe5 18. Qxe5 Qb7 19. O-O a6 20. b3 Qd5 21. Qxb8
Bb7 22. Qxb7 Qxb7 23. Rfe1 Qd5 24. Re5 Qc6 25. Rc5 Qb6 26. bxc4 bxc4 27. Rb1
Qd6 28. Rb4 Rb8 29. Rbxc4 Rb2 30. Bxf5 exf5 31. Rc8+ Kf7 32. R4c7+ Ke6 33. Rc6
Rb1+ 34. Kh2 Ra1 35. c4 Kd7 36. Rxd6+ Kxd6 37. Rd8+ Ke7 38. Rd5 Rxa4 39. c5 Ke6
40. Rd6+ Ke7 41. d5 Ra5 42. Re6+ Kf7 43. Rc6 Ke7 44. d6+ Kd8 45. Rc7 Ra1 46.
Rxg7 Rc1 47. Rc7 a5 48. c6 a4 49. Rd7+ Kc8 50. Rxh7 Rxc6 51. Ra7 Rc4 52. f4 Kd8
53. Kh3 Rd4 54. d7 Rxd7 55. Ra8+ Kc7 56. Kh4 Rg7 1-0

[Event "16. Torneo San Viator"]
[Site "Madrid ESP"]
[Date "2016.05.08"]
[Round "5.33"]
[White "Munoz Cebey, Ricardo"]
[Black "Lopez Ziegler, Juan Jose"]
[Result "1-0"]
[WhiteElo "1751"]
[BlackElo "1609"]
[PlyCount "43"]
[EventDate "2016.04.03"]
[EventType "swiss"]
[EventRounds "9"]
[EventCountry "ESP"]
[Source "lmi"]
[SourceDate "2016.04.03"]

1. c4 e5 2. g3 Nc6 3. Bg2 Bc5 4. Nc3 a6 5. e3 Ba7 6. Nge2 d6 7. O-O h5 8. d4 h4
9. Bxc6+ bxc6 10. dxe5 hxg3 11. fxg3 Bg4 12. exd6 cxd6 13. Ne4 d5 14. cxd5 Qe7
15. Qa4 Qd7 16. dxc6 Qc7 17. Nd4 Ne7 18. Qxa6 O-O 19. Qb7 Qe5 20. Nf2 Bc8 21.
Qxa8 Qc7 22. Nb5 1-0

[Event "16. Torneo San Viator"]
[Site "Madrid ESP"]
[Date "2016.05.08"]
[Round "5.34"]
[White "Vicente Valentin, David"]
[Black "De Juan Rivas, Antonio"]
[Result "0-1"]
[WhiteElo "1399"]
[BlackElo "1667"]
[PlyCount "68"]
[EventDate "2016.04.03"]
[EventType "swiss"]
[EventRounds "9"]
[EventCountry "ESP"]
[Source "lmi"]
[SourceDate "2016.04.03"]

1. e4 d6 2. f4 Nf6 3. Nc3 g6 4. Nf3 Bg4 5. Be2 Bg7 6. d4 O-O 7. Be3 c6 8. Qd2
b5 9. O-O b4 10. Nd1 a5 11. Nf2 Qc8 12. Nh4 Bxe2 13. Qxe2 Nbd7 14. f5 e5 15. c3
exd4 16. cxd4 Qd8 17. Nf3 h6 18. Qd2 g5 19. e5 dxe5 20. dxe5 Nh7 21. e6 Ne5 22.
exf7+ Rxf7 23. Qe2 Nxf3+ 24. Qxf3 Qd5 25. Ne4 Re8 26. f6 Bf8 27. Qh5 Qxe4 28.
Rae1 Re6 29. Bxg5 Qd4+ 30. Be3 Rxe3 31. Qg6+ Kh8 32. Kh1 Rxe1 33. Rxe1 Qxf6 34.
Qd3 Qf2 0-1